000 00512cam a22001934a 4500
005 20250605164332.0
008 250528s ||||||||||||||||||||||||d
035 _a23272
020 _a70414602
040 _aGR-AtMCL
_bgre
_dGR-AtMCL
_eAACR2
245 1 _aShaum's outline series theory and problems of Boolean Algerbra and switching circuits
250 _a1st
260 _bMcgraw Hill,
_c1970
300 _a213
700 1 _aMendelson Elliott
_94769
942 _cBK
999 _c8301
_d8301